| 000 | 03489cam a22005774i 4500 | ||
|---|---|---|---|
| 003 | PE-LiUPU | ||
| 005 | 20250731173356.0 | ||
| 008 | 171130s2010 pe a rb 000 0 spa d | ||
| 035 | _a(Sirsi) a49055 | ||
| 040 |
_aPE-LiUPU _bspa _cPE-LiUPU _erda |
||
| 049 | _aPRUA | ||
| 082 | 0 | 4 |
_a248.83 _bCh46 _221 |
| 100 | 1 |
_aChico Robles, Arnulfo, _eautor. |
|
| 245 | 1 | 3 |
_aLo que usted debe saber antes de dar el sí / _cArnulfo Chico Robles. |
| 264 | 1 |
_aLima : _bEditorial Imprenta Unión, _c2010. |
|
| 300 |
_a174 páginas : _bilustraciones ; _c21 centímetros |
||
| 336 |
_atext _2rdacontent |
||
| 337 |
_aunmediated _2rdamedia |
||
| 338 |
_avolume _2rdacarrier |
||
| 504 | _aIncluye Bibliografía. | ||
| 505 | 0 | _aUna elección que no puedes equivocarte -- Cómo tener un noviazgo exitoso -- Señales de peligro durante el noviazgo -- Cómo saber si lo que siento es amor -- Ideas equivocadas acerca del amor -- Sexo ¿Por qué esperar hasta el matrimonio? -- Tú y yo ¿en qué somos diferentes? -- Secretos para una buena comunicación -- Cómo elaborar un plan financiero -- Cómo llevarse bien con el cónyuge a pesar de los suegros -- Consejos para la planificación familiar -- Aprenda a resolver los conflictos -- Matrimonio -- ¿qué debo saber antes de casarme? -- Consejos para planificar una luna de miel inolvidable. | |
| 526 | _aSEG42 | ||
| 526 | _aSEG41 | ||
| 526 | _aSEG40 | ||
| 526 | _aSEG39 | ||
| 526 | _aP94 | ||
| 526 | _aP87 | ||
| 526 | _aP86 | ||
| 526 | _aP85 | ||
| 526 | _aP77 | ||
| 526 | _aP76 | ||
| 526 | _aP35 | ||
| 541 | _g001-002351; | ||
| 541 | _g001-002351; | ||
| 541 | _g001-002351; | ||
| 650 | 0 | 4 | _aNoviazgo. |
| 910 |
_agl _cjcv _d20171130 |
||
| 942 |
_2ddc _cBOOK |
||
| 949 |
_a248.83 Ch46 _wDEWEY _c1 _i62290 _lCCODEBUL1 _mBUL _p06.00 _r0 _sY _tLIBRO _u2015-07-06 _xTEOLOGIA _PP35 _o.STAFF. Colección Teología |
||
| 949 |
_a248.83 Ch46 _wDEWEY _c2 _i62287 _lCCODEBUL1 _mBUL _p06.00 _r0 _sY _tLIBRO _u2015-07-06 _xTEOLOGIA _PP35 _o.STAFF. Colección Teología |
||
| 949 |
_a248.83 Ch46 _wDEWEY _c3 _i62288 _lCCODEBUL1 _mBUL _p06.00 _r0 _sY _tLIBRO _u2015-07-06 _xTEOLOGIA _PP35 _o.STAFF. Colección Teología |
||
| 949 |
_a248.83 Ch46 _wDewey _c1 _iFT03407 _lCCODEBUT1 _mBUT _n1 _p0.00 _sY _tBOOK _xBIBLIOTECA _zUNKNOWN _0DONACIÓN _o.STAFF. Colección Teología |
||
| 994 |
_aC0 _bPEPRU |
||
| 596 | _a1 2 | ||
| 999 |
_a248.83 CH46 _wDEWEY _c51361 _i62290 _d51361 _e2018-3-12 _f2021-11-12 _g5 _lCCODEBUL1 _mBUL _n11 _p6.00 _q2 _r0 _sY _tBOOK _u2015-7-6 _xTEOLOGIA _PP35 _0COMPRA _o.STAFF. Colección Teología |
||
| 999 |
_a248.83 CH46 _wDEWEY _c2 _i62287 _d2018-9-11 _e2018-9-4 _f2021-11-12 _g5 _lCCODEBUL1 _mBUL _n23 _p6.00 _r0 _sY _tBOOK _u2015-7-6 _xTEOLOGIA _PP35 _0COMPRA _o.STAFF. Colección Teología |
||
| 999 |
_a248.83 CH46 _wDEWEY _c3 _i62288 _lLOST _mBUL _p6.00 _r1 _sY _tBOOK _u2015-7-6 _xTEOLOGIA _PP35 _o.STAFF. Colección General |
||
| 999 |
_a248.83 CH46 _wDEWEY _c4 _i70707 _d2019-4-15 _e2019-4-11 _f2021-11-10 _g5 _lCCODEBUL1 _mBUL _n25 _p6.00 _q1 _r0 _sY _tBOOK _u2015-8-25 _xTEOLOGIA _PP35 _0COMPRA _o.STAFF. Colección Teología |
||
| 999 |
_a248.83 CH46 2010 _wDEWEY _c1 _iFT03407 _d2022-6-13 _e2022-6-10 _f2019-2-20 _g1 _lCCODEBUT1 _mBUT _n3 _r0 _sY _tBOOK _u2017-11-30 _xUNKNOWN _zUNKNOWN _0DONACION _o.STAFF. Coleccion general |
||
| 980 |
_81 _gALBERTO SANCHEZ Responsable de Automatización |
||